000 00892nam a22002537a 4500
003 BD-DhSAU
005 20210930104046.0
008 210929b |||||||| |||| 00| 0 eng d
040 _aBD-DhSAU
082 _222
_a630
_bH2757
100 _aHASSAN, MEHEDI
_eRegistration No.:# 17-08273
245 _aImpact of organic manure to combat drought stress of wheat /
_bMs Thesis
260 _aSher-e-bangla Agricultural University Dhaka 1207;
_bDepartment of Agronomy;
_c2018.;
300 _ax.;
_b63p.;
_c30cm.;
500 _aIncluding Index.;
590 _anazmul
600 _qorganic manure
610 _acombat
650 _adrought stress of wheat
700 _aProf. Dr. A. K. M. Ruhul Amin
_eSupervisor
710 _aProf. Dr. Md. Shahidul Islam
_eCo-Supervisor
856 _uhttp://archive.saulibrary.edu.bd:8080/xmlui/handle/123456789/3260
_yOnline Access
942 _2ddc
_cTHESIS
999 _c15378
_d15377